[Event "ROM-ch U12"]
[Site "Calimanesti Caciulata"]
[Date "2019.04.16"]
[Round "2"]
[White "Radulescu, Teodor Mihai"]
[Black "Nastase, Mihai Matei"]
[Result "1-0"]
[WhiteElo "1085"]
[BlackElo "1001"]
[PlyCount "53"]
[EventDate "2019.04.15"]
[EventType "swiss"]
[EventRounds "9"]
[EventCountry "ROU"]
[SourceTitle "CBM 190 Extra"]
[Source "ChessBase"]
[SourceDate "2019.07.15"]
[SourceVersion "1"]
[SourceVersionDate "2019.07.15"]
[SourceQuality "1"]

1. d4 e6 2. c4 Bd6 3. Nc3 Ne7 4. c5 Bxh2 5. Rxh2 d6 6. cxd6 cxd6 7. Qc2 d5 8. Bf4 Nbc6 9. Nf3 Ng6 10. Bd2 e5 11. dxe5 Ncxe5 12. Nxe5 Nxe5 13. Rxh7 Rg8 14. Nb5 Bd7 15. Nc7+ Kf8 16. Bb4+ Qe7 17. Bxe7+ Kxe7 18. Nxa8 Rxa8 19. e4 Rc8 20. Qe2 Bg4 21. f3 Be6 22. exd5 Bxd5 23. Qxe5+ Kd7 24. Qxd5+ Kc7 25. Rc1+ Kb8 26. Qd6+ Ka8 27. Rxc8# 1-0